| 000 | 00445nam a2200181 4500 | ||
|---|---|---|---|
| 003 | SEACOMEC | ||
| 005 | 20231031053648.0 | ||
| 008 | 231031b |||||||| |||| 00| 0 eng d | ||
| 020 | _cRs.175.00 | ||
| 040 | _aSEACOMEC | ||
| 082 | 1 |
_a547 _bM953 |
|
| 100 | _aMukherji, S.M. | ||
| 245 | 1 |
_aOrganic chemistry _cS.M. Mukherji |
|
| 260 | 1 |
_aNew delhi _bNew Age _c2005 |
|
| 300 | _a111 | ||
| 650 | _aNatural sciences, Organic chemistry | ||
| 942 | _cBOOK | ||
| 999 |
_c260 _d260 |
||